000 00517nam a22001817a 4500
005 20180412115058.0
010 _aENG-122558
020 _a9788184305104
_c700.00
035 _aEN-106090
037 _bDBAD/PUB
082 _a333.75
100 _aTewari, D.N.
245 _aForests and people /
_cby D.N. Tewari
260 _aNew Delhi
_bOcean Books Pvt. Ltd.
_c2017
270 _a4/19, Asaf Ali Road,
_bNew Delhi
_e110002
300 _a370 p.
_c21cm.(Hb)
_bill.
942 _2ddc
_cEN
_mTEW
_h333.75
999 _c151112
_d151112